Permata hati

Bibliographic Details
Main Author: Amy Suzani Ainuddin
Corporate Author: Title
Format: Book
Published: Selangor : Hasrat Murni , 2004
Series:Siri novel keluarga bahagia
Subjects:

MARC

LEADER 00000cam a2200000 7i4500
001 0000000955
005 20151222.0
008 070703
020 |a 9830602133 
020 |a 983060215X(set) 
090 0 0 |a JF   |b PR MAL (39) 
100 0 |a Amy Suzani Ainuddin 
245 1 0 |a Permata hati   |c Amy Suzani Ainuddin 
260 |a Selangor :   |b Hasrat Murni ,   |c 2004 
440 |a Siri novel keluarga bahagia 
500 |a Children ages 7-9 years old (orange) 
650 0 |a Junior fiction   |x Malay   |x Languages 
650 0 |a Public relation 
710 0 |a Title 
999 |a 0000910956   |b Book   |c Teenagers   |e Cawangan Bandar Tenggara 
999 |a 0000910959   |b Book   |c Teenagers   |e Cawangan Bandar Tenggara 
999 |a 0000916818   |b Book   |c Children Collection   |e Cawangan Bukit Gambir 
999 |a 0000916819   |b Book   |c Children Collection   |e Cawangan Bukit Gambir 
999 |a 0000916820   |b Book   |c Children Collection   |e Cawangan Bukit Gambir 
999 |a 0000930308   |b Book   |c Children Collection   |e Cawangan Tangkak 
999 |a 0000930309   |b Book   |c Children Collection   |e Cawangan Tangkak 
999 |a 0000930310   |b Book   |c Children Collection   |e Cawangan Tangkak 
999 |a 0000956867   |b Book   |c Children Collection   |e Cawangan Bukit Gambir 
999 |a 0000956868   |b Book   |c Children Collection   |e Perbadanan Perpustakaan Awam Johor 
999 |a 0000956869   |b Book   |c Children Collection   |e Perbadanan Perpustakaan Awam Johor 
999 |a 0000956871   |b Book   |c Children Collection   |e Perbadanan Perpustakaan Awam Johor